Movies Quiz

Random Movies or Director Quiz

Steven Spielberg (A-Z) Quiz Stats

 Plays Quiz Updated Dec 11, 2019

Score 0/15 Timer 04:00
0 Plays Today
Letter Movies % Correct
JJaws, Jurassic Park
84.8%
EE.T. The Extra-Terrestrial, Empire of the Sun
84.6%
SThe Sugarland Express, Schindler's List, Saving Private Ryan
75.6%
CClose Encounters of the Third Kind, The Color Purple, Catch Me If You Can
56.2%
AAlways, Amistad, A.I. Artificial Intelligence, The Adventures of Tintin
51.5%
RRaiders of the Lost Ark, Ready Player One
51.4%
IIndiana Jones and the Temple of Doom, Indiana Jones and the Last Crusade, Indiana Jones and the Kingdom of the Crystal Skull
50.1%
WWar of the Worlds, War Horse
42.4%
Letter Movies % Correct
LThe Lost World: Jurassic Park, Lincoln
41.2%
MMinority Report, Munich
34.5%
BBridge of Spies, The BFG
29.9%
#1941
25.1%
PThe Post
21.5%
TThe Terminal
21.4%
HHook
18.2%

You're not logged in!

Compare scores with friends on all Sporcle quizzes.
OR
Log In

Sporcle TV

Today on Sporcle TV


Watch our educational content, quiz creation guides, and fun videos on Sporcle TV.

Show Comments

Extras

Top Quizzes Today


Score Distribution

Your Account Isn't Verified!

In order to create a playlist on Sporcle, you need to verify the email address you used during registration. Go to your Sporcle Settings to finish the process.

Report this User

Report this user for behavior that violates our Community Guidelines.

Details: